El mito político (Registro nro. 5710)

Detalles MARC
000 -LEADER
fixed length control field 01019 a2200193 4500
001 - CONTROL NUMBER
control field 54684
005 - DATE AND TIME OF LATEST TRANSACTION
control field 20260407155821.0
008 - FIXED-LENGTH DATA ELEMENTS--GENERAL INFORMATION
fixed length control field 260407a1973 arg spa d
003 - CONTROL NUMBER IDENTIFIER
control field AR-UNSa-BCEJYS
040 ## - CATALOGING SOURCE
Original cataloging agency AR-UNSa-BCEJYS
Language of cataloging spa
Transcribing agency AR-UNSa-BCEJYS
080 ## - UNIVERSAL DECIMAL CLASSIFICATION NUMBER
Universal Decimal Classification number 32(09)
Common auxiliary subdivision Historia de la política
100 1# - MAIN ENTRY--PERSONAL NAME
Personal name López, Mario Justo
245 10 - TITLE STATEMENT
Title El mito político
Name of part/section of a work naturaleza y función
264 #1 - PRODUCTION, PUBLICATION, DISTRIBUTION, MANUFACTURE, AND COPYRIGHT NOTICE
Place of production, publication, distribution, manufacture Buenos Aires :
Name of producer, publisher, distributor, manufacturer Ediciones Macchi
Date of production, publication, distribution, manufacture, or copyright notice 1973
300 ## - PHYSICAL DESCRIPTION
Extent 70 p.
Dimensions 22,5 cm.
505 ## - FORMATTED CONTENTS NOTE
Formatted contents note I. La realidad política: "Un universo de representaciones,de creencias y de apariencias" - II. La teoría de los mitos de Georges Sorel - III. La palabra mito: diferentes significados y relación entre ellos.El mito en el hombre arcaico y en el hombre moderno - IV. El mito político: naturaleza y función - V. Los mitos políticos contemporáneos: la clase,la nación,la raza - VI. Valoración de los mitos políticos contemporáneos - VII. De cara al mito: ¿Qué hacer?
590 ## - LOCAL NOTE (RLIN)
Local note niveau_biblio:m niveau_hierar:0
942 ## - ADDED ENTRY ELEMENTS (KOHA)
Koha item type
Existencias
Withdrawn status Lost status Damaged status Not for loan Home library Current library Shelving location Date acquired Total checkouts Full call number Barcode Date last seen Price effective from Koha item type
        Biblioteca Prof. Eusebio Cleto del Rey Biblioteca Prof. Eusebio Cleto del Rey   07/04/2026   32(09) L864 L45483 07/04/2026 07/04/2026 Libro